000 00702nam a22002531c 4500
001 787754
008 200417s2018 gw a||| 000u ger d
020 _a9783631747223
_9978-3-631-74722-3
041 _ager
100 1 _aAntipova, Anastasia
245 0 4 _aDie nationalsozialistische Sprachpolitik im besetzten Weißrussland 1941-1944
264 _aBerlin :
_bPeter Lang,
_c2018
300 _a36572 Seiten : Illustrationen
648 0 _a1941-1944
650 0 _aBesetzung
650 0 _aNationalsozialismus
650 0 _aSprachpolitik
651 0 _aDeutschland
651 0 _aBelarus
942 _cMG
040 _cRU-10907106
003 RU-10907106
999 _c31936
_d31936
490 0 _aLinguistik International; 41